Top 100 Countries With The Highest GDP Per Capita - Statistics

General Stats
  • This quiz has been taken 165 times
  • The average score is 78 of 100
Answer Stats
$$$ Country % Correct
$234,320 Monaco
97%
$56,360 Sweden
95%
$44,230 United Kingdom
95%
$69,680 United States
95%
$92,640 Norway
94%
$51,820 Finland
93%
$133,590 Luxembourg
93%
$28,590 Spain
93%
$95,520 Switzerland
93%
$73,980 Iceland
92%
$169,270 Liechtenstein
92%
$14,850 Argentina
91%
$66,410 Australia
91%
$68,030 Denmark
91%
$20,880 Greece
91%
$34,360 Japan
91%
$47,750 San Marino
91%
$33,590 South Korea
91%
$52,120 Canada
90%
$47,320 France
90%
$24,650 Portugal
90%
$11,290 Russia
90%
$40,730 Andorra
89%
$16,980 Croatia
89%
$102,220 Ireland
89%
$48,830 New Zealand
89%
$86,880 Qatar
89%
$29,470 Slovenia
89%
$53,840 Austria
88%
$50,590 Belgium
88%
$13,250 Brazil
88%
$17,680 Chile
88%
$48,390 Germany
88%
$9,850 Serbia
88%
$29,340 Estonia
87%
$58,180 Netherlands
87%
$47,800 Israel
86%
$21,490 Latvia
86%
$11,950 Mexico
86%
$20,100 Slovakia
86%
$55,370 United Arab Emirates
86%
$33,740 Italy
85%
$79,420 Singapore
85%
$28,080 Czech Republic
84%
$8,110 Peru
84%
$18,730 Poland
84%
$12,550 China
83%
$7,610 Colombia
83%
$24,910 Lithuania
83%
$32,910 Malta
83%
$14,700 Romania
83%
$9,960 Turkey
83%
$19,020 Hungary
82%
$38,120 Kuwait
82%
$6,090 Albania
81%
$12,500 Bulgaria
81%
$29,190 Saudi Arabia
81%
$28,700 Bahrain
80%
$23,020 Uruguay
80%
$16,290 Panama
79%
$7,630 Thailand
79%
$13,390 Costa Rica
78%
$10,300 Iran
78%
$23,540 Oman
78%
$6,820 Bosnia and Herzegovina
77%
$35,510 Taiwan
77%
$14,130 Malaysia
76%
$31,550 Cyprus
74%
$8,560 Belarus
72%
$6,740 South Africa
72%
$9,120 Montenegro
71%
$46,940 Brunei
70%
$35,250 Bahamas
69%
$8,090 Dominica
68%
$6,770 Ecuador
68%
$6,040 Paraguay
68%
$20,010 Barbados
67%
$10,970 Dominican Republic
67%
$6,520 North Macedonia
67%
$19,130 Saint Kitts and Nevis
67%
$20,270 Seychelles
67%
$6,780 Lebanon
66%
$11,590 Kazakhstan
65%
$8,550 Saint Vincent and the Grenadines
63%
$6,020 Jamaica
62%
$6,230 Belize
61%
$6,300 Georgia
61%
$9,170 Mauritius
61%
$10,760 Saint Lucia
61%
$17,320 Antigua and Barbuda
60%
$6,840 Azerbaijan
60%
$10,480 Grenada
59%
$15,090 Maldives
59%
$20,740 Trinidad and Tobago
57%
$7,350 Botswana
50%
$12,660 Palau
49%
$11,430 Turkmenistan
48%
$10,010 Nauru
45%
$7,510 Equatorial Guinea
37%
$10,280 Gabon
36%
No matching quizzes found
Score Distribution
Percent of People with Each Score
Percentile by Number Answered
Your Score History
You have not taken this quiz